00650nem a2200169 u 450000500170000000800410001704000250005804100080008304400070009111000820009824501260018025500120030626000980031830000330041665000130044965000180046220200104041741.0160429b2000 C ||||| |a|| 00| 0 spa d aCO-BoIAVHcCO-BoIAVH aspa ack2 aInstituto de Investigación de Recursos Biológicos Alexander von Humboldt.1 aDistribución del genero Elaeagia en la parcela permanente de La Planada ;cUnidad de SIG- IAvHh[Material Cartografico] a1:2.500 aBogotábInstituto de Investigación de Recursos Biológicos Alexander von Humboldt.c2000 a1 mapab color c42 x 28 cm 04aParcelas06aHidrografía